| 000 | 00851nam0a22002411 4500 | ||
|---|---|---|---|
| 001 | rc\606716 | ||
| 005 | 20250621181927.0 | ||
| 035 | _a(NLR Aleph) 005850776 | ||
| 090 |
_a5776343 _c5776343 |
||
| 100 | _a20031121d1986 |||y0rusy50 ca | ||
| 101 | 0 | _arus | |
| 102 | _aRU | ||
| 105 | _aa ||||||||| | ||
| 200 | 1 |
_aЛучшие произведения французских архитекторов прошлого _fПер. с фр. К.П. Окунской _gПод ред. А.В. Ефимова |
|
| 210 |
_aМ. _cСтройиздат _d1986 |
||
| 215 |
_a170, [1] с. _cил. _d24 |
||
| 300 | _aПеревод изд.: Grands travaux, grands architectes du passe / Jacques Levron (Paris, 1980) | ||
| 700 | 1 |
_aЛеврон _bЖ. _gЖак |
|
| 801 | 0 |
_aRU _bNLR _gpsbo |
|
| 801 | 1 |
_aRU _bELAR _2rusmarc |
|
| 852 |
_aNLR _j86-7/682 |
||
| 942 | _cBOOK | ||
| 980 | _aNB | ||